El Español, lengua milenaria (y otros ESCRITOS castellanos)

Salvato in:
Dettagli Bibliografici
Autore principale: Alarcos Llorach, Emilio
Natura: Libro
Lingua:Undetermined
Pubblicazione: Valladolid, España Ambito Ediciones 1982
Soggetti:
Tags: Aggiungi Tag
Nessun Tag, puoi essere il primo ad aggiungerne!!

MARC

LEADER 00000nam a2200000Ia 4500
008 170316s9999 xx 000 0 und d
040 |a cru BVZT 
090 |a 862 A-8e 
100 |a Alarcos Llorach, Emilio 
245 |a El Español, lengua milenaria (y otros ESCRITOS castellanos) 
260 |a Valladolid, España 
260 |b Ambito Ediciones 
260 |c 1982 
300 |a 135 páginas 
650 |a LINGÜÍSTICA 
999 |c 2805  |d 2805 
942 |c 15 D  |h 862 A-8e  |2 z